000 00309nam a22001217a 4500
005 20250821100004.0
008 250821b |||||||| |||| 00| 0 eng d
082 _a005
_bMAY-F
100 _aMayes
245 _aFinancial Analysis with Microsoft Excel 2013 (7e)
650 _aComputer Science & IT
999 _c37058
_d37058